书目信息 |
| 题名: |
化工百科全书
|
|
| 作者: | 《化工百科全书》编辑委员会 编 | |
| 分册: | 第11卷 氯代烃-模具 | |
| 出版信息: | 北京 化学工业出版社 1996 |
|
| 页数: | 987页 | |
| 开本: | 16开 | |
| 丛书名: | ||
| 单 册: | ||
| 中图分类: | TQ-61 | |
| 科图分类: | ||
| 主题词: | 化学工业 | |
| 电子资源: | ||
| ISBN: | 7-5025-0848-1 | |
| 000 | 00690nam0 2200205 45 | |
| 001 | 0110151634 | |
| 005 | 20031219104051.1 | |
| 010 | @a7-5025-0848-1@b精装@dCNY103.00 | |
| 100 | @a20011015d1996 km y0chiy0120 ea | |
| 101 | 0 | @achi |
| 105 | @a z 000yy | |
| 200 | 1 | @a化工百科全书@h第11卷@i氯代烃-模具@AHua Gong Bai Ke Quan Shu@f《化工百科全书》编辑委员会等编@F《Hua Gong Bai Ke Quan Shu》Bian Ji Wei Yuan Hui Deng Bian |
| 210 | @a北京@c化学工业出版社@d1996 | |
| 215 | @a987页@d16开 | |
| 517 | @a氯代烃-模具@ALu Dai Ting-Mo Ju | |
| 606 | 0 | @a化学工业 |
| 690 | @aTQ-61@v4 | |
| 701 | @a《化工百科全书》编辑委员会@4编 | |
| 801 | @aCN@bTSTC@c20011015 | |
| 905 | @f5@b299505-509@dTQ-61@e17:11 | |
| 化工百科全书.第11卷.氯代烃-模具/《化工百科全书》编辑委员会等编.-北京:化学工业出版社,1996 |
| 987页;16开 |
| ISBN 7-5025-0848-1(精装):CNY103.00 |
| ● |
| 相关链接 |
|
|
|
|
正题名:化工百科全书
索取号:TQ-61/17:11
 
预约/预借
| 序号 | 登录号 | 条形码 | 馆藏地/架位号 | 状态 | 备注 |
| 1 | 0299505 | 202995054 | 密集书库/ [索取号:TQ-61/17:11] | 在馆 | |
| 2 | 0299506 | 202995063 | 工具书阅览室/ [索取号:TQ-61/17:11] | 在馆 | |
| 3 | 0299507 | 202995072 | 密集书库/ [索取号:TQ-61/17:11] | 在馆 | |
| 4 | 0299508 | 202995081 | 密集书库/ [索取号:TQ-61/17:11] | 在馆 | |
| 5 | 0299509 | 202995090 | 第二样本阅览室/ [索取号:TQ-61/17:11] | 在馆 |